Convención Interamericana para la protección y conservación de las tortugas marinas (CIT) : (Registro nro. 5265)
[ vista simple ]
| 000 -CABECERA | |
|---|---|
| Campo de control | 00669nam a2200205 a 4500 |
| 005 - FECHA Y HORA DE LA ULTIMA TRANSACCION | |
| Campo de control | 20151217073818.0 |
| 008 - ELEMENTOS DE LONGITUD FIJA—INFORMACION GENERAL | |
| Campo de control | 140319b2004 ||||| |||| 00| 0 spa d |
| 040 ## - FUENTE DE CATALOGACIÓN | |
| Agencia catalogadora original | CO-BoIAVH |
| Agencia transcriptora | CO-BoIAVH |
| 041 ## - IDIOMA | |
| Código de idioma para texto/pista de sonido o título separado | Español |
| 044 ## - PAÍS DE PUBLICACIÓN | |
| País de publicación | Costa Rica |
| 082 ## - NUMERO DE CLASIFICACION DECIMAL DEWEY | |
| Número de clasificación | 597.9207286 |
| Número del ítem | C58c |
| 110 1# - ASIENTO PRINCIPAL--NOMBRE CORPORATIVO | |
| Unidad subordinad | Secretaría CIT |
| 9 (RLIN) | 22817 |
| 245 10 - MENCION DE TITULO | |
| Título | Convención Interamericana para la protección y conservación de las tortugas marinas (CIT) : |
| Parte restante del título | una introducción |
| 260 ## - PUBLICACION, DISTRIBUCION, ETC. (PIE DE IMPRENTA) | |
| Lugar de publicación, distribución, etc. | San José, Costa Rica: |
| Nombre del editor, distribuidor, etc. | CIT, |
| Fecha de publicación, distribución, etc. | 2004. |
| 300 ## - DESCRIPCION FISICA | |
| Extensión | 35 páginas. |
| 650 14 - ASIENTO SECUNDARIO DE MATERIA - TERMINO TEMATICO | |
| Término temático o nombre geográfico como elemento de entrada | Fauna silvestre |
| Subdivisión general | conservación |
| Subdivisión geográfica | Costa Rica |
| 9 (RLIN) | 44612 |
| 650 14 - ASIENTO SECUNDARIO DE MATERIA - TERMINO TEMATICO | |
| Término temático o nombre geográfico como elemento de entrada | Tortugas marinas |
| Subdivisión geográfica | Costa Rica |
| 9 (RLIN) | 44613 |
| 942 ## - ELEMENTOS ADICIONALES (KOHA) | |
| Tipo de ítem | Libro |
| Sistema de clasificación | Dewey Decimal Classification |
| 945 ## - PROCESAMIENTO LOCAL | |
| AAAA-MM-DD - Fecha de ingreso o modificacion | 2006-09-20 |
| Withdrawn status | Lost status | Sistema de Clasificación | Damaged status | No para préstamo | Colección | Inventariado | Ubicación Permanente | Ubicación actual | Fecha de adquisición | Total Checkouts | Número topográfico | Inventario / Código de Barras | Date last seen | Ejemplar | Price effective from | Forma de adquisición | Tipo de material |
|---|---|---|---|---|---|---|---|---|---|---|---|---|---|---|---|---|---|
| Dewey Decimal Classification | General | Inventariado 2017 | Bogotá | Bogotá | 20/09/2006 | LB-597.9207286 C58c | 023294 | 04/12/2012 | Ej. 1 | 04/12/2012 | Libro |